000 00619nam a2200193Ii 4500
003 JO-AjNU
008 230605s9999||||xx |||||||||||||| ||und||
040 _aJO-AjNU
_bara
_erda
_cJO-AjNU
041 _aara
050 1 4 _aHG4515.3.Z3398 1989
100 3 _aزغلول، يحيى سعد,
_eauthor
_97637
245 0 0 _aحلول رياضيات الاستثمار والتمويل
264 3 1 _aالاسكندرية: الدار الجامعية، 1989
300 _a96ص
336 _atext
_btxt
_2rdacontent
337 _aunmediated
_bn
_2rdamedia
338 _avolume
_bnc
_2rdacarrier
650 4 _aالاستثمار
_97638
999 _aA381
_c3949
_d3949